Tế bào học

Giới thiệu những kiến thức cơ bản và hiện đại về cấu trúc và chức năng của tế bào: kiến thức về tổ chức phân tử và siêu cấu trúc của các bào quan, các quá trình hoạt động sống của các tế bào....

詳細記述

保存先:
書誌詳細
第一著者: Nguyễn, Như Hiền
その他の著者: Trịnh, Xuân Hậu
フォーマット: 図書
言語:Undetermined
出版事項: H. Đại học Quốc gia Hà Nội 2009
主題:
オンライン・アクセス:http://lrc.tdmu.edu.vn/opac/search/detail.asp?aID=2&ID=7777
タグ: タグ追加
タグなし, このレコードへの初めてのタグを付けませんか!
Thư viện lưu trữ: Trung tâm Học liệu Trường Đại học Thủ Dầu Một
LEADER 01031nam a2200217Ia 4500
001 TDMU_7777
008 210410s9999 xx 000 0 und d
082 |a 571.6 
090 |b NG527 
100 |a Nguyễn, Như Hiền 
245 0 |a Tế bào học 
245 0 |c Nguyễn Như Hiền, Trịnh Xuân Hậu 
260 |a H. 
260 |b Đại học Quốc gia Hà Nội 
260 |c 2009 
300 |a 229tr. 
520 |a Giới thiệu những kiến thức cơ bản và hiện đại về cấu trúc và chức năng của tế bào: kiến thức về tổ chức phân tử và siêu cấu trúc của các bào quan, các quá trình hoạt động sống của các tế bào. 
650 |a Tế bào học; Sinh học; Tế bào; Tế bào học 
700 |a Trịnh, Xuân Hậu 
856 |u http://lrc.tdmu.edu.vn/opac/search/detail.asp?aID=2&ID=7777 
980 |a Trung tâm Học liệu Trường Đại học Thủ Dầu Một